<?xml version="1.0" encoding="UTF-8"?>
<record
    xmlns:xsi="http://www.w3.org/2001/XMLSchema-instance"
    xsi:schemaLocation="http://www.loc.gov/MARC21/slim http://www.loc.gov/standards/marcxml/schema/MARC21slim.xsd"
    xmlns="http://www.loc.gov/MARC21/slim">

  <leader>00451nam a2200145Ia 4500</leader>
  <controlfield tag="008">220530s9999    xx            000 0 und d</controlfield>
  <datafield tag="020" ind1=" " ind2=" ">
    <subfield code="a">81-85099-14-6</subfield>
  </datafield>
  <datafield tag="041" ind1=" " ind2=" ">
    <subfield code="a">eng</subfield>
  </datafield>
  <datafield tag="082" ind1=" " ind2=" ">
    <subfield code="a">631.304</subfield>
    <subfield code="b">CHO</subfield>
  </datafield>
  <datafield tag="100" ind1=" " ind2=" ">
    <subfield code="a">Choudhury S K, Choudhury A K, Roy Nirjhar</subfield>
    <subfield code="9">54433</subfield>
  </datafield>
  <datafield tag="245" ind1=" " ind2=" ">
    <subfield code="a">Elements of Workshop Technology Vol 1, Manufacturing Process</subfield>
  </datafield>
  <datafield tag="260" ind1=" " ind2=" ">
    <subfield code="a">Mumbai</subfield>
    <subfield code="b">Media Promoters </subfield>
    <subfield code="c">2009</subfield>
  </datafield>
  <datafield tag="300" ind1=" " ind2=" ">
    <subfield code="a">I to XIV,1 to  650,2qa to17</subfield>
    <subfield code="b">PB</subfield>
  </datafield>
  <datafield tag="906" ind1=" " ind2=" ">
    <subfield code="a">49.5</subfield>
    <subfield code="b">MECH</subfield>
  </datafield>
  <datafield tag="999" ind1=" " ind2=" ">
    <subfield code="c">49772</subfield>
    <subfield code="d">49772</subfield>
  </datafield>
  <datafield tag="952" ind1=" " ind2=" ">
    <subfield code="0">0</subfield>
    <subfield code="1">0</subfield>
    <subfield code="4">0</subfield>
    <subfield code="7">0</subfield>
    <subfield code="8">Mechanical Engineering</subfield>
    <subfield code="a">CEWN</subfield>
    <subfield code="b">CEWN</subfield>
    <subfield code="d">2010-04-04</subfield>
    <subfield code="e">Book World</subfield>
    <subfield code="g">225.00</subfield>
    <subfield code="o">631.304/CHO</subfield>
    <subfield code="p">CEWN-BK-2033</subfield>
    <subfield code="r">2022-05-30 00:00:00</subfield>
    <subfield code="v">175.50</subfield>
    <subfield code="w">2022-05-30</subfield>
    <subfield code="y">BK</subfield>
    <subfield code="z">002033</subfield>
  </datafield>
  <datafield tag="952" ind1=" " ind2=" ">
    <subfield code="0">0</subfield>
    <subfield code="1">0</subfield>
    <subfield code="4">0</subfield>
    <subfield code="7">0</subfield>
    <subfield code="8">Mechanical Engineering</subfield>
    <subfield code="a">CEWN</subfield>
    <subfield code="b">CEWN</subfield>
    <subfield code="d">2010-04-04</subfield>
    <subfield code="e">Book World</subfield>
    <subfield code="g">225.00</subfield>
    <subfield code="o">631.304/CHO</subfield>
    <subfield code="p">CEWN-BK-2034</subfield>
    <subfield code="r">2022-05-30 00:00:00</subfield>
    <subfield code="v">175.50</subfield>
    <subfield code="w">2022-05-30</subfield>
    <subfield code="y">BK</subfield>
    <subfield code="z">002034</subfield>
  </datafield>
  <datafield tag="952" ind1=" " ind2=" ">
    <subfield code="0">0</subfield>
    <subfield code="1">0</subfield>
    <subfield code="4">0</subfield>
    <subfield code="7">0</subfield>
    <subfield code="8">Mechanical Engineering</subfield>
    <subfield code="a">CEWN</subfield>
    <subfield code="b">CEWN</subfield>
    <subfield code="d">2010-04-04</subfield>
    <subfield code="e">Book World</subfield>
    <subfield code="g">225.00</subfield>
    <subfield code="o">631.304/CHO</subfield>
    <subfield code="p">CEWN-BK-2035</subfield>
    <subfield code="r">2022-05-30 00:00:00</subfield>
    <subfield code="v">175.50</subfield>
    <subfield code="w">2022-05-30</subfield>
    <subfield code="y">BK</subfield>
    <subfield code="z">002035</subfield>
  </datafield>
  <datafield tag="952" ind1=" " ind2=" ">
    <subfield code="0">0</subfield>
    <subfield code="1">0</subfield>
    <subfield code="4">0</subfield>
    <subfield code="7">0</subfield>
    <subfield code="8">Mechanical Engineering</subfield>
    <subfield code="a">CEWN</subfield>
    <subfield code="b">CEWN</subfield>
    <subfield code="d">2010-04-04</subfield>
    <subfield code="e">Book World</subfield>
    <subfield code="g">225.00</subfield>
    <subfield code="o">631.304/CHO</subfield>
    <subfield code="p">CEWN-BK-2036</subfield>
    <subfield code="r">2022-05-30 00:00:00</subfield>
    <subfield code="v">175.50</subfield>
    <subfield code="w">2022-05-30</subfield>
    <subfield code="y">BK</subfield>
    <subfield code="z">002036</subfield>
  </datafield>
  <datafield tag="952" ind1=" " ind2=" ">
    <subfield code="0">0</subfield>
    <subfield code="1">0</subfield>
    <subfield code="4">0</subfield>
    <subfield code="7">0</subfield>
    <subfield code="8">Mechanical Engineering</subfield>
    <subfield code="a">CEWN</subfield>
    <subfield code="b">CEWN</subfield>
    <subfield code="d">2010-04-04</subfield>
    <subfield code="e">Book World</subfield>
    <subfield code="g">225.00</subfield>
    <subfield code="o">631.304/CHO</subfield>
    <subfield code="p">CEWN-BK-2037</subfield>
    <subfield code="r">2022-05-30 00:00:00</subfield>
    <subfield code="v">175.50</subfield>
    <subfield code="w">2022-05-30</subfield>
    <subfield code="y">BK</subfield>
    <subfield code="z">002037</subfield>
  </datafield>
</record>
